| 000 | 00985nam a2200229 i 4500 | ||
|---|---|---|---|
| 001 | 77704 | ||
| 003 | ES-MaACL | ||
| 005 | 20250423132118.0 | ||
| 007 | t| | ||
| 008 | 041103s1903 sp ||||1| spa d | ||
| 080 | _a061.21(460.27) Ateneo (058.7)"1903" | ||
| 110 | 2 |
_aAteneo de Madrid. _91875 |
|
| 245 | 1 | 0 |
_aLista de señores socios, marzo de 1903 / _cAteneo Científico, Literario y Artístico de Madrid. |
| 260 |
_aMadrid : _bAteneo Científico, Literario y Artístico de Madrid, _c1903 ( _fViuda e Hijos de Tello) |
||
| 300 |
_a107 p. ; _c15 cm. |
||
| 610 | 2 | 7 |
_aAteneo de Madrid- _vListas de socios. _91928 |
| 610 | 2 |
_aAteneo de Madrid- _vObras digitalizadas. _91930 |
|
| 852 | 1 |
_aBA _j2185-F-4 _q Ejemplar fotocopiado _b _h _cDEPOF _tReproducción facilitada por la biblioteca del senado _zRevisado enlace: 23 de Abril de 2025 |
|
| 856 | 4 |
_uhttp://www.ateneodemadrid.net/biblioteca_digital/folletos/Socios-1903.pdf _yVer documento |
|
| 942 | _2udc | ||
| 999 |
_c77704 _d77704 |
||